[Event "Mittelrhein Verbandsliga-W 18/19"]
[Site "Nordrheinwestfalen"]
[Date "2019.04.07"]
[Round "9.3"]
[White "Bergmann, Thomas"]
[Black "Krings, Thomas"]
[Result "0-1"]
[WhiteElo "1827"]
[BlackElo "2026"]
[PlyCount "76"]
[EventDate "2018.09.02"]
[EventType "team-tourn"]
[EventRounds "11"]
[EventCountry "GER"]
[SourceTitle "EXT 2022"]
[Source "ChessBase"]
[SourceDate "2021.10.06"]
[SourceVersion "1"]
[SourceVersionDate "2021.10.06"]
[SourceQuality "1"]
[WhiteTeam "Bergheim"]
[BlackTeam "Horrem"]
[WhiteTeamCountry "GER"]
[BlackTeamCountry "GER"]

1. d4 Nf6 2. c4 g6 3. Nc3 Bg7 4. e4 d6 5. Nf3 0-0 6. Be2 e5 7. Be3 Na6 8. 0-0 Ng4 9. Bg5 f6 10. Bh4 Qe8 11. h3 Nh6 12. dxe5 dxe5 13. a3 c6 14. b4 Nc7 15. b5 Ne6 16. Re1 f5 17. Bg5 Nxg5 18. Nxg5 Nf7 19. Nxf7 Qxf7 20. Bf1 Be6 21. Qe2 Rad8 22. f3 Rd4 23. c5 Rfd8 24. bxc6 bxc6 25. Qa6 Qc7 26. Rab1 Bc8 27. Qe2 Qa5 28. Qa2+ Kh8 29. Ne2 Rd2 30. Qc4 Qxa3 31. Rb3 Qa5 32. Rbb1 Bh6 33. Nc3 Rc2 34. Rb3 Bd2 35. Rd1 Be3+ 36. Kh2 Rxd1 37. Qf7 Bf4+ 38. Kg1 Qxc5+ 0-1

[Event "Mittelrhein Verbandsliga-W 17/18"]
[Site "Nordrheinwestfalen"]
[Date "2018.03.18"]
[Round "9.4"]
[White "Schauff, Lutz"]
[Black "Bergmann, Thomas"]
[Result "1-0"]
[WhiteElo "1984"]
[BlackElo "1797"]
[PlyCount "95"]
[EventDate "2017.09.10"]
[EventType "team-tourn"]
[EventRounds "11"]
[EventCountry "GER"]
[SourceTitle "EXT 2022"]
[Source "ChessBase"]
[SourceDate "2021.10.06"]
[SourceVersion "1"]
[SourceVersionDate "2021.10.06"]
[SourceQuality "1"]
[WhiteTeam "Kerpen SK"]
[BlackTeam "Dueren Derichsweiler"]
[WhiteTeamCountry "GER"]
[BlackTeamCountry "GER"]

1. d4 Nf6 2. Nf3 g6 3. c4 Bg7 4. Nc3 0-0 5. e4 d6 6. Be2 e5 7. 0-0 Nc6 8. d5 Ne7 9. Ne1 Ne8 10. Be3 f5 11. f3 f4 12. Bf2 g5 13. b4 Nf6 14. c5 h5 15. Rc1 Ng6 16. a4 Rf7 17. a5 g4 18. cxd6 cxd6 19. Nb5 gxf3 20. gxf3 Bh3 21. Ng2 Nh7 22. Kh1 Bf6 23. Rg1 Rg7 24. Nxa7 Qf8 25. Nb5 Ng5 26. Rc7 Rxc7 27. Nxc7 Rc8 28. Ne6 Qe7 29. Nxg5 Bxg5 30. b5 Kh7 31. a6 bxa6 32. bxa6 Bxg2+ 33. Rxg2 Nh4 34. Rg1 Kh6 35. Qf1 Qd7 36. Rxg5 Nxf3 37. Rxh5+ Kxh5 38. Bxf3+ Kh6 39. h3 Rc3 40. Bg4 Qc7 41. Qg2 Ra3 42. Bf5 Qf7 43. a7 Ra1+ 44. Kh2 Ra2 45. h4 Qh5 46. Qg5+ Qxg5 47. hxg5+ Kxg5 48. Kg2 1-0

[Event "Mittelrhein Verbandsliga-W 17/18"]
[Site "Nordrheinwestfalen"]
[Date "2018.02.04"]
[Round "7.5"]
[White "Bergmann, Thomas"]
[Black "Mertin, Jonas"]
[Result "1-0"]
[WhiteElo "1797"]
[BlackElo "1855"]
[PlyCount "109"]
[EventDate "2017.09.10"]
[EventType "team-tourn"]
[EventRounds "11"]
[EventCountry "GER"]
[SourceTitle "EXT 2022"]
[Source "ChessBase"]
[SourceDate "2021.10.06"]
[SourceVersion "1"]
[SourceVersionDate "2021.10.06"]
[SourceQuality "1"]
[WhiteTeam "Dueren Derichsweiler"]
[BlackTeam "Aachen SV III"]
[WhiteTeamCountry "GER"]
[BlackTeamCountry "GER"]

1. Nf3 Nf6 2. d4 g6 3. Bf4 Bg7 4. e3 0-0 5. h3 c5 6. Nbd2 Qb6 7. Nc4 Qd8 8. Be2 b5 9. Ncd2 Qb6 10. c3 d6 11. 0-0 Nc6 12. a4 Ba6 13. axb5 Bxb5 14. Bxb5 Qxb5 15. Qa4 Rfb8 16. dxc5 Qxc5 17. Ra2 Qb5 18. Rb1 Nd7 19. Nd4 Qxa4 20. Rxa4 Nce5 21. Bxe5 Nxe5 22. b4 Rc8 23. Rb3 Nc6 24. b5 Bxd4 25. cxd4 Nd8 26. Rba3 Rab8 27. Rxa7 Rxb5 28. Rxe7 Kf8 29. Rea7 Rb2 30. Ra2 Rc1+ 31. Kh2 Rcc2 32. Rxb2 Rxb2 33. Ne4 d5 34. Nc3 Rxf2 35. Nxd5 Ne6 36. Kg3 Rb2 37. h4 Rb5 38. Nc7 Nxc7 39. Rxc7 h5 40. Rc5 Rb6 41. d5 Ke7 42. Kf4 f6 43. e4 Rb4 44. Rc7+ Kd6 45. Rg7 Rb1 46. Rxg6 Rf1+ 47. Ke3 Ke5 48. Rg8 Re1+ 49. Kf3 Rf1+ 50. Ke2 Rf4 51. Re8+ Kd4 52. g3 Rg4 53. Kf3 f5 54. exf5 Kxd5 55. Rh8 1-0

[Event "Leipzig VfB op 22nd"]
[Site "Leipzig"]
[Date "2015.03.07"]
[Round "7"]
[White "Bergmann, Thomas"]
[Black "Wartlick, Ole"]
[Result "0-1"]
[WhiteElo "1828"]
[BlackElo "2027"]
[PlyCount "68"]
[EventDate "2015.03.03"]
[EventType "swiss"]
[EventRounds "9"]
[EventCountry "GER"]
[SourceTitle "EXT 2016"]
[Source "ChessBase"]
[SourceDate "2015.10.08"]
[SourceVersion "1"]
[SourceVersionDate "2015.10.08"]
[SourceQuality "1"]

1. d4 Nf6 2. c4 c5 3. d5 d6 4. Nc3 e6 5. e4 g6 6. f3 exd5 7. Nxd5 Nxd5 8. Qxd5 Bg7 9. Bg5 Qa5+ 10. Bd2 Qc7 11. Bc3 Bxc3+ 12. bxc3 Be6 13. Qd2 0-0 14. Rd1 Rd8 15. f4 Re8 16. Qxd6 Qa5 17. Qd2 Nc6 18. Bd3 Rad8 19. Qc2 Bg4 20. Nf3 Nd4 21. Qf2 Qxc3+ 22. Kf1 Nxf3 23. gxf3 Rxd3 24. Rxd3 Qxd3+ 25. Kg2 Rxe4 26. Kg3 Bxf3 27. Rg1 Re3 28. Kh4 h6 29. Rg3 Qd8+ 30. Kh3 Qd7+ 31. Kh4 Qe7+ 32. Kh3 Qe6+ 33. Kh4 Qf6+ 34. Kh3 Qf5+ 0-1

[Event "Leipzig VfB op 21st"]
[Site "Leipzig"]
[Date "2014.03.07"]
[Round "6"]
[White "Bergmann, Thomas"]
[Black "Huebner, Stefan"]
[Result "0-1"]
[WhiteElo "1857"]
[BlackElo "1777"]
[PlyCount "58"]
[EventDate "2014.03.04"]
[EventType "tourn"]
[EventRounds "9"]
[EventCountry "GER"]
[SourceTitle "CBM 159 Extra"]
[Source "ChessBase"]
[SourceDate "2014.04.24"]
[SourceVersion "1"]
[SourceVersionDate "2014.04.24"]
[SourceQuality "1"]

1. d4 Nf6 2. c4 e6 3. Nc3 Bb4 4. e3 0-0 5. Bd3 d5 6. Nge2 c5 7. a3 Bxc3+ 8. bxc3 Qc7 9. cxd5 cxd4 10. exd4 exd5 11. Bf4 Qc6 12. 0-0 Be6 13. Qc2 Nbd7 14. Be5 Nxe5 15. dxe5 Ne4 16. Bxe4 dxe4 17. Ng3 Rfe8 18. Rfe1 Bd5 19. Nxe4 Rxe5 20. f3 Rae8 21. Qf2 a6 22. Rac1 Bxe4 23. fxe4 Rxe4 24. Rxe4 Qxe4 25. Rd1 g6 26. Qd4 Qe3+ 27. Kf1 Qe2+ 28. Kg1 Re4 29. Qd5 Qe3+ 0-1

[Event "Leipzig VfB op 21st"]
[Site "Leipzig"]
[Date "2014.03.06"]
[Round "4"]
[White "Bergmann, Thomas"]
[Black "Huelle, Gunter"]
[Result "0-1"]
[WhiteElo "1857"]
[BlackElo "1726"]
[PlyCount "67"]
[EventDate "2014.03.04"]
[EventType "tourn"]
[EventRounds "9"]
[EventCountry "GER"]
[SourceTitle "CBM 159 Extra"]
[Source "ChessBase"]
[SourceDate "2014.04.24"]
[SourceVersion "1"]
[SourceVersionDate "2014.04.24"]
[SourceQuality "1"]

1. d4 Nf6 2. c4 g6 3. Nc3 Bg7 4. e4 d6 5. Nf3 0-0 6. Be2 c6 7. 0-0 e5 8. Be3 Ng4 9. Bg5 f6 10. Bh4 Qc7 11. Qb3 Be6 12. d5 Bf7 13. Rac1 Nd7 14. Qc2 Nh6 15. Nd2 g5 16. Bg3 Bg6 17. f3 a5 18. Bf2 f5 19. g4 fxg4 20. fxg4 Nf6 21. h3 cxd5 22. Nxd5 Nxd5 23. cxd5 Qd7 24. Qc7 Rf7 25. Qxd7 Rxd7 26. Bb5 Rf7 27. b3 Kf8 28. Rc4 Ng8 29. Rfc1 Nf6 30. Kg2 Kg8 31. Rc8+ Rxc8 32. Rxc8+ Bf8 33. Rc4 Kg7 34. Bb6 0-1

[Event "Leipzig VfB op 19th"]
[Site "Leipzig"]
[Date "2012.03.07"]
[Round "3"]
[White "Krajinski, Lutz"]
[Black "Bergmann, Thomas"]
[Result "1-0"]
[WhiteElo "1733"]
[BlackElo "1776"]
[PlyCount "139"]
[EventDate "2012.03.06"]
[EventType "swiss"]
[EventRounds "9"]
[EventCountry "GER"]
[SourceTitle "CBM 147 Extra"]
[Source "ChessBase"]
[SourceDate "2012.04.24"]
[SourceVersion "1"]
[SourceVersionDate "2012.04.24"]
[SourceQuality "1"]

1. c4 Nf6 2. Nc3 g6 3. e4 e5 4. d3 h6 5. Be3 Nc6 6. h3 Bg7 7. Qd2 d6 8. Be2 Be6 9. Nf3 Qd7 10. a3 a5 11. 0-0 Ng8 12. b4 Nge7 13. d4 exd4 14. Nxd4 Nxd4 15. Bxd4 0-0 16. Bxg7 Kxg7 17. Qd4+ f6 18. b5 Kh7 19. f4 f5 20. Bd3 Rae8 21. Rae1 Ng8 22. e5 dxe5 23. Qxd7+ Bxd7 24. fxe5 c6 25. b6 Re7 26. Re2 Rfe8 27. Rfe1 h5 28. Na4 Nh6 29. Nc5 Bc8 30. Nb3 Nf7 31. Nxa5 Rxe5 32. c5 Rxe2 33. Rxe2 Rxe2 34. Bxe2 Ne5 35. Bf3 Kg7 36. Kf2 Kf6 37. Ke3 Ke6 38. Kd4 Nf7 39. Bd1 Ne5 40. Bb3+ Kf6 41. Bd1 h4 42. Nb3 g5 43. Nd2 Be6 44. a4 Bd7 45. Be2 Be6 46. a5 Bc8 47. Nc4 Nxc4 48. Bxc4 g4 49. Be2 gxh3 50. gxh3 Ke6 51. Bc4+ Kf6 52. Bb3 f4 53. Bc4 Kf5 54. Bd3+ Kf6 55. Be2 Kg6 56. Ke5 Kg5 57. Bf3 Bxh3 58. a6 Bg4 59. Bh1 f3 60. axb7 f2 61. Bg2 h3 62. Bf1 h2 63. b8Q h1Q 64. Qg8+ Kh4 65. Qh7+ Bh5 66. Qe4+ Qxe4+ 67. Kxe4 Kg3 68. b7 Kh2 69. b8Q+ Kg1 70. Bc4 1-0

[Event "Leipzig VfB op 19th"]
[Site "Leipzig"]
[Date "2012.03.06"]
[Round "1"]
[White "Hauff, Andre"]
[Black "Bergmann, Thomas"]
[Result "1/2-1/2"]
[WhiteElo "1984"]
[BlackElo "1776"]
[PlyCount "43"]
[EventDate "2012.03.06"]
[EventType "swiss"]
[EventRounds "9"]
[EventCountry "GER"]
[SourceTitle "CBM 147 Extra"]
[Source "ChessBase"]
[SourceDate "2012.04.24"]
[SourceVersion "1"]
[SourceVersionDate "2012.04.24"]
[SourceQuality "1"]

1. d4 Nf6 2. c4 g6 3. Nc3 Bg7 4. e4 d6 5. h3 Nbd7 6. Nf3 c6 7. Be2 e5 8. d5 cxd5 9. cxd5 0-0 10. Be3 Nh5 11. Qd2 a6 12. g4 Nf4 13. Bxf4 exf4 14. Qxf4 Ne5 15. Qe3 f5 16. gxf5 gxf5 17. Nxe5 Bxe5 18. Rg1+ Kh8 19. Qg5 Qxg5 20. Rxg5 fxe4 21. Bg4 Rf4 22. Ne2 1/2-1/2

[Event "Bad Woerishofen op 19th"]
[Site "Bad Woerishofen"]
[Date "2003.03.21"]
[Round "9"]
[White "Ries, Berthold"]
[Black "Bergmann, Thomas"]
[Result "1/2-1/2"]
[WhiteElo "2087"]
[BlackElo "1753"]
[PlyCount "52"]
[EventDate "2003.03.13"]
[EventType "swiss"]
[EventRounds "9"]
[EventCountry "GER"]
[SourceTitle "CBM 093 Extra"]
[Source "ChessBase"]
[SourceDate "2003.05.09"]
[SourceVersion "1"]
[SourceVersionDate "2003.05.09"]
[SourceQuality "1"]

1. e4 c5 2. f4 Nc6 3. Nf3 e6 4. Bb5 Nge7 5. Nc3 a6 6. Bxc6 Nxc6 7. 0-0 Be7 8. Kh1 0-0 9. d3 d6 10. Qe1 Bd7 11. Qg3 Kh8 12. Qh3 Nd4 13. Nxd4 cxd4 14. Ne2 e5 15. Qg3 f6 16. c4 Rc8 17. b4 Be6 18. a4 Qd7 19. f5 Bg8 20. Bd2 b5 21. cxb5 axb5 22. a5 d5 23. exd5 Bxd5 24. Qe1 Rc2 25. Ng3 Rfc8 26. Qe2 Bxb4 1/2-1/2

[Event "Bad Woerishofen op 19th"]
[Site "Bad Woerishofen"]
[Date "2003.03.17"]
[Round "5"]
[White "Burkhardt, Wilfried"]
[Black "Bergmann, Thomas"]
[Result "1/2-1/2"]
[WhiteElo "2062"]
[BlackElo "1753"]
[PlyCount "44"]
[EventDate "2003.03.13"]
[EventType "swiss"]
[EventRounds "9"]
[EventCountry "GER"]
[SourceTitle "CBM 093 Extra"]
[Source "ChessBase"]
[SourceDate "2003.05.09"]
[SourceVersion "1"]
[SourceVersionDate "2003.05.09"]
[SourceQuality "1"]

1. d4 d5 2. Nf3 Nf6 3. c4 e6 4. e3 Be7 5. Nc3 0-0 6. Bd3 b6 7. cxd5 exd5 8. 0-0 h6 9. h3 Nbd7 10. b3 Bb7 11. Bb2 Rc8 12. Rc1 c5 13. dxc5 Nxc5 14. Bf5 Ncd7 15. Qe2 g6 16. Bb1 Re8 17. Rfd1 Bc5 18. Qd3 Nf8 19. Na4 Be7 20. Rxc8 Qxc8 21. Rc1 Qd7 22. Ne5 Qd6 1/2-1/2